000 00642cam a2200253 4500
001
008 090401t1998 xxu||||| |||| 00| 0 eng d
020 _a0922154503
035 _a(Sirsi) u99553
041 _aeng
050 _a333.3320973
100 _aSorenson, Richard C.
245 _aAppraising the appraisal: the art of appraisal review.
260 _aUSA
_bAppraisal Institute
_c1998
300 _a205p. ; 25cm.
350 _a27.5
650 _aVALUATIONS
650 _aUSA
650 _aAPPRAISALS
650 _aUNITED STATES
690 _aPROPERTY-PROPERTY APPRAISAL AND VALUATION
942 _n0
948 _c04/09/1998
999 _c99386
_d99386